Political geography : world economy, nation-state and locality
Αποθηκεύτηκε σε:
| Κύριος συγγραφέας: | |
|---|---|
| Μορφή: | Βιβλίο |
| Γλώσσα: | English |
| Δημοσίευση: |
London :
Longman,
c1993
|
| Έκδοση: | 3rd ed. |
| Θέματα: | |
| Ετικέτες: |
Προσθήκη ετικέτας
Δεν υπάρχουν, Καταχωρήστε ετικέτα πρώτοι!
|
MARC
| LEADER | 00000nam a2200000 i 4500 | ||
|---|---|---|---|
| 001 | 1/69762 | ||
| 008 | 981110s1997 eng d | ||
| 020 | |a 0-582-09862-9 | ||
| 035 | |l 10030456 | ||
| 040 | |a GR-MY-UA |b gre |e aacr | ||
| 041 | 0 | |a eng | |
| 082 | 0 | |a 320.12 | |
| 100 | 1 | |a Taylor, Peter J. |q (Peter James) |d 1944- | |
| 245 | 1 | 0 | |a Political geography : |b world economy, nation-state and locality / |c Peter J. Taylor |
| 250 | |a 3rd ed. | ||
| 260 | |a London : |b Longman, |c c1993 | ||
| 300 | |a 360 p. |b fig.; tabl. | ||
| 504 | |a Includes bibliographical references and index | ||
| 650 | 0 | 0 | |a Political geography. |
| 650 | 0 | 0 | |a Geopolitics. |
| 852 | |a INST |b LESVOS |e 19981110 |h 320.12 TAY |p 005100017811 |q 005100017811 |t BK |y 0 | ||
| 901 | |a BIBL-1999-1 | ||
| 909 | |a Λ |b 059984 | ||
| 922 | |a 1ΕΛΗ |b 199810 |c ΚΠΣ/ΤΓ |d ΠΑΠΑΣΩΤΗΡΙΟΥ | ||
| 950 | |a 118-1998-07-21 | ||